[Event "FIN-chT 2223"]
[Site "Finland"]
[Date "2023.02.11"]
[Round "9.8"]
[White "Lansimaki, Ville"]
[Black "Simola, Tuomas"]
[Result "0-1"]
[WhiteElo "1994"]
[BlackElo "2135"]
[PlyCount "58"]
[EventDate "2022.09.24"]
[EventType "team-tourn"]
[EventRounds "11"]
[EventCountry "FIN"]
[SourceTitle "EXT 2024"]
[Source "ChessBase"]
[SourceDate "2023.10.10"]
[SourceVersion "1"]
[SourceVersionDate "2023.10.10"]
[SourceQuality "1"]
[WhiteTeam "Gambiitti"]
[BlackTeam "Helsinki Ninja"]
[WhiteTeamCountry "FIN"]
[BlackTeamCountry "FIN"]

1. d4 Nf6 2. c4 e6 3. Nc3 d5 4. cxd5 exd5 5. Bg5 c6 6. e3 Bd6 7. Bd3 0-0 8. Qc2 h6 9. Bh4 Re8 10. Nge2 a5 11. h3 Na6 12. a3 Nc7 13. 0-0 Ne6 14. f3 Ng5 15. e4 Nfxe4 16. fxe4 Nxh3+ 17. gxh3 Qxh4 18. Rf3 Bxh3 19. Rxh3 Qxh3 20. Kf2 dxe4 21. Nxe4 Qh2+ 22. Kf3 Re6 23. Rg1 Rae8 24. Rg2 Qh5+ 25. Kf2 Qf5+ 26. Ke3 Qh3+ 27. Kf2 Qh4+ 28. Kf3 f5 29. Nxd6 Re3# 0-1

[Event "Tammisaari We EkSK"]
[Site "Tammisaari"]
[Date "1998.??.??"]
[Round "2"]
[White "Simola, Tuomas"]
[Black "Holmsten, Aleksei"]
[Result "0-1"]
[WhiteElo "2080"]
[BlackElo "2425"]
[PlyCount "38"]
[EventDate "1998.??.??"]
[EventType "swiss"]
[EventRounds "5"]
[EventCountry "FIN"]
[SourceTitle "EXT 2002"]
[Source "ChessBase"]
[SourceDate "2001.11.25"]
[SourceVersion "1"]
[SourceVersionDate "2001.11.25"]
[SourceQuality "1"]

1. e4 c5 2. Nc3 Nc6 3. Nf3 e5 4. Bc4 Be7 5. d3 Nf6 6. 0-0 0-0 7. Nd5 d6 8. Ne1 Nxd5 9. Bxd5 Be6 10. f4 exf4 11. Bxe6 fxe6 12. Rxf4 Qb6 13. Rxf8+ Rxf8 14. c3 c4+ 15. d4 e5 16. Qe2 exd4 17. Qxc4+ Kh8 18. Qb3 Bd8 19. Nc2 dxc3+ 0-1

[Event "Tampere We TaSK op"]
[Site "Tampere"]
[Date "1998.??.??"]
[Round "2"]
[White "Simola, Tuomas"]
[Black "Lehtinen, Heikki"]
[Result "1/2-1/2"]
[WhiteElo "2080"]
[BlackElo "2190"]
[PlyCount "79"]
[EventDate "1998.??.??"]
[EventType "swiss"]
[EventRounds "5"]
[EventCountry "FIN"]
[SourceTitle "EXT 2001"]
[Source "ChessBase"]
[SourceDate "2000.11.22"]
[SourceVersion "1"]
[SourceVersionDate "2000.11.22"]
[SourceQuality "1"]

1. e4 c5 2. Nf3 d6 3. d4 cxd4 4. Nxd4 Nf6 5. Nc3 g6 6. Be3 Bg7 7. f3 0-0 8. Qd2 Nc6 9. 0-0-0 Nxd4 10. Bxd4 Be6 11. Kb1 Qc7 12. g4 Rfc8 13. h4 Qa5 14. Qg5 Qc7 15. h5 h6 16. Qd2 g5 17. Be2 Qa5 18. a3 Rab8 19. f4 Nh7 20. Nd5 Qxd2 21. Nxe7+ Kf8 22. Bxg7+ Kxe7 23. Rxd2 Rg8 24. Bc3 gxf4 25. Bb4 Rbd8 26. e5 Bxg4 27. exd6+ Kd7 28. Bxg4+ Rxg4 29. Re1 Ng5 30. Re7+ Kc8 31. Rd4 Rg1+ 32. Ka2 f3 33. Rc4+ Kb8 34. Rcc7 f2 35. Rxb7+ Ka8 36. Rxa7+ Kb8 37. Reb7+ Kc8 38. Rc7+ Kb8 39. Rab7+ Ka8 40. Ra7+ 1/2-1/2

[Event "Tampere op"]
[Site "Tampere"]
[Date "1998.??.??"]
[Round "4"]
[White "Simola, Tuomas"]
[Black "Nokso Koivisto, Antti"]
[Result "0-1"]
[WhiteElo "2080"]
[BlackElo "2215"]
[PlyCount "62"]
[EventDate "1998.??.??"]
[EventType "swiss"]
[EventRounds "5"]
[EventCountry "FIN"]
[SourceTitle "EXT 2000"]
[Source "ChessBase"]
[SourceDate "1999.11.16"]
[SourceVersion "1"]
[SourceVersionDate "1999.11.16"]
[SourceQuality "1"]

1. e4 c5 2. Nc3 Nc6 3. Nge2 Nf6 4. d4 cxd4 5. Nxd4 e5 6. Ndb5 d6 7. Bg5 a6 8. Na3 b5 9. Nd5 Be7 10. Nxe7 Nxe7 11. Qf3 Nd7 12. Bd3 0-0 13. c4 f6 14. Bd2 Bb7 15. cxb5 f5 16. bxa6 fxe4 17. Bc4+ d5 18. Qxe4 Rxa6 19. Bb3 Raf6 20. 0-0 Kh8 21. Qh4 Nf5 22. Qh3 Qb6 23. Bc2 e4 24. Qb3 Qc6 25. Qb5 Qc7 26. Rac1 Nd4 27. Qb4 Ne2+ 28. Kh1 Nxc1 29. Rxc1 Rxf2 30. Kg1 Ba6 31. Bd3 Qxc1+ 0-1

[Event "FIN-ch op"]
[Site "Naantali"]
[Date "1997.??.??"]
[Round "?"]
[White "Gaspariants, Vladimir"]
[Black "Simola, Tuomas"]
[Result "1-0"]
[WhiteElo "2335"]
[BlackElo "2085"]
[PlyCount "25"]
[EventDate "1997.??.??"]
[EventType "swiss"]
[EventRounds "9"]
[EventCountry "FIN"]
[SourceTitle "EXT 1999"]
[Source "ChessBase"]
[SourceDate "1998.11.16"]
[SourceVersion "1"]
[SourceVersionDate "1998.11.16"]
[SourceQuality "1"]

1. e4 c5 2. Nc3 Nc6 3. g3 g6 4. Bg2 Bg7 5. d3 e6 6. Be3 d6 7. Qd2 Rb8 8. Nf3 Nd4 9. Bxd4 cxd4 10. Nb5 Qb6 11. Qb4 Ke7 12. e5 Bd7 13. Qxd6+ 1-0

[Event "Salo We SalSK op"]
[Site "Salo"]
[Date "1997.??.??"]
[Round "1"]
[White "Holmsten, Aleksei"]
[Black "Simola, Tuomas"]
[Result "1/2-1/2"]
[WhiteElo "2325"]
[BlackElo "2085"]
[PlyCount "72"]
[EventDate "1997.??.??"]
[EventType "swiss"]
[EventRounds "5"]
[EventCountry "FIN"]
[SourceTitle "EXT 1999"]
[Source "ChessBase"]
[SourceDate "1998.11.16"]
[SourceVersion "1"]
[SourceVersionDate "1998.11.16"]
[SourceQuality "1"]

1. e4 c5 2. Nf3 Nc6 3. d4 cxd4 4. Nxd4 Nf6 5. Nc3 d6 6. Bg5 e6 7. Qd2 a6 8. 0-0-0 h6 9. Be3 Be7 10. Be2 Nxd4 11. Bxd4 b5 12. Bf3 e5 13. Be3 Be6 14. Kb1 Qc7 15. g4 Qc4 16. b3 Qb4 17. Kb2 Qa5 18. Nd5 Qxd2 19. Nxf6+ Bxf6 20. Bxd2 a5 21. a3 Bd8 22. Be2 Bd7 23. f4 exf4 24. Bc3 f6 25. Rxd6 Bc7 26. Rd5 Ke7 27. Bxb5 Be6 28. Rd3 Rab8 29. a4 g5 30. h3 h5 31. Rhd1 hxg4 32. Rd7+ Bxd7 33. Rxd7+ Ke6 34. Rxc7 Rxb5 35. axb5 gxh3 36. b6 g4 1/2-1/2

[Event "FIN-ch U18"]
[Site "Finland"]
[Date "1997.??.??"]
[Round "3"]
[White "Kallio, Heikki"]
[Black "Simola, Tuomas"]
[Result "1-0"]
[WhiteElo "2240"]
[BlackElo "2085"]
[PlyCount "57"]
[EventDate "1997.??.??"]
[EventType "swiss"]
[EventRounds "7"]
[EventCountry "FIN"]
[SourceTitle "EXT 1999"]
[Source "ChessBase"]
[SourceDate "1998.11.16"]
[SourceVersion "1"]
[SourceVersionDate "1998.11.16"]
[SourceQuality "1"]

1. e4 c5 2. Nc3 Nc6 3. f4 g6 4. Nf3 Bg7 5. Bb5 Nd4 6. Bd3 e6 7. Nxd4 cxd4 8. Nb5 d6 9. c3 Qb6 10. Nxd4 Bxd4 11. Qa4+ Bd7 12. Qxd4 Qxd4 13. cxd4 d5 14. exd5 exd5 15. b3 Ne7 16. 0-0 Bf5 17. Bxf5 Nxf5 18. g4 Ne7 19. Ba3 Nc6 20. Rae1+ Kd7 21. f5 Rhe8 22. Rxe8 Kxe8 23. h4 Rd8 24. fxg6 hxg6 25. h5 gxh5 26. gxh5 Rd7 27. h6 f5 28. Rxf5 Nxd4 29. Rf8# 1-0

[Event "FIN-ch op"]
[Site "Naantali"]
[Date "1997.??.??"]
[Round "?"]
[White "Kanko, Ilkka"]
[Black "Simola, Tuomas"]
[Result "1-0"]
[WhiteElo "2270"]
[BlackElo "2085"]
[PlyCount "61"]
[EventDate "1997.??.??"]
[EventType "swiss"]
[EventRounds "9"]
[EventCountry "FIN"]
[SourceTitle "EXT 1999"]
[Source "ChessBase"]
[SourceDate "1998.11.16"]
[SourceVersion "1"]
[SourceVersionDate "1998.11.16"]
[SourceQuality "1"]

1. d4 d5 2. c4 e6 3. Nc3 c6 4. e3 Nf6 5. Nf3 Nbd7 6. Qb3 Bd6 7. Be2 0-0 8. 0-0 Qe7 9. Bd2 Ne4 10. Nxe4 dxe4 11. Ne1 Qh4 12. f4 c5 13. Rd1 f5 14. g3 Qe7 15. Qc3 b6 16. Nc2 Bb7 17. b4 Rac8 18. bxc5 bxc5 19. Qa5 Bb8 20. Rb1 Ba8 21. Rb3 Rfd8 22. Rfb1 Nb6 23. dxc5 Rxc5 24. Bb4 Rxa5 25. Bxe7 Re8 26. Ba3 Bc6 27. Nd4 Ba4 28. R3b2 e5 29. fxe5 Bxe5 30. Bb4 Bxd4 31. exd4 1-0

[Event "Tampere Elo Taraus op"]
[Site "Tampere"]
[Date "1997.??.??"]
[Round "7"]
[White "Korhonen, Pasi"]
[Black "Simola, Tuomas"]
[Result "1/2-1/2"]
[WhiteElo "2145"]
[BlackElo "2085"]
[PlyCount "43"]
[EventDate "1997.??.??"]
[EventType "swiss"]
[EventRounds "7"]
[EventCountry "FIN"]
[SourceTitle "EXT 1999"]
[Source "ChessBase"]
[SourceDate "1998.11.16"]
[SourceVersion "1"]
[SourceVersionDate "1998.11.16"]
[SourceQuality "1"]

1. c4 e6 2. g3 d5 3. cxd5 exd5 4. Bg2 Nf6 5. Nc3 c6 6. d4 Bd6 7. Bg5 h6 8. Bxf6 Qxf6 9. Nf3 0-0 10. 0-0 Bf5 11. Nh4 Bh7 12. e4 dxe4 13. Nxe4 Bxe4 14. Bxe4 Na6 15. a3 Nc7 16. Bc2 Rfd8 17. Qg4 Bf8 18. Rad1 g6 19. Bb3 Bg7 20. Rfe1 Nd5 21. Nf3 Qd6 22. Ne5 1/2-1/2

[Event "FIN-ch op"]
[Site "Naantali"]
[Date "1997.??.??"]
[Round "?"]
[White "Luukkonen, Tommi"]
[Black "Simola, Tuomas"]
[Result "1-0"]
[WhiteElo "2200"]
[BlackElo "2085"]
[PlyCount "41"]
[EventDate "1997.??.??"]
[EventType "swiss"]
[EventRounds "9"]
[EventCountry "FIN"]
[SourceTitle "EXT 1999"]
[Source "ChessBase"]
[SourceDate "1998.11.16"]
[SourceVersion "1"]
[SourceVersionDate "1998.11.16"]
[SourceQuality "1"]

1. d4 d5 2. c4 e6 3. Nc3 c6 4. e4 dxe4 5. Nxe4 Bb4+ 6. Bd2 Qxd4 7. Bxb4 Qxe4+ 8. Be2 c5 9. Ba5 Nc6 10. Bc3 Nge7 11. Nf3 e5 12. 0-0 0-0 13. Bd3 Qf4 14. Bd2 Qf6 15. Bg5 Qe6 16. Re1 Ng6 17. h4 f6 18. Be4 Qg4 19. Qd5+ Be6 20. Nh2 Nce7 21. Qxc5 1-0

[Event "Helsinki We SKF op"]
[Site "Helsinki"]
[Date "1997.??.??"]
[Round "1"]
[White "Simola, Tuomas"]
[Black "Kochyev, Alexander"]
[Result "0-1"]
[WhiteElo "2085"]
[BlackElo "2435"]
[PlyCount "58"]
[EventDate "1997.??.??"]
[EventType "swiss"]
[EventRounds "5"]
[EventCountry "FIN"]
[SourceTitle "EXT 1999"]
[Source "ChessBase"]
[SourceDate "1998.11.16"]
[SourceVersion "1"]
[SourceVersionDate "1998.11.16"]
[SourceQuality "1"]

1. e4 c5 2. Nf3 e6 3. d4 cxd4 4. Nxd4 Nc6 5. Nc3 a6 6. Be3 Nf6 7. Bd3 Qc7 8. 0-0 Ne5 9. h3 Bc5 10. Kh1 d6 11. f4 Ng6 12. Qe1 0-0 13. Nce2 Qb6 14. c3 Qxb2 15. Qg3 Kh8 16. Rab1 Qa3 17. Bc1 Qa5 18. Nb3 Qc7 19. Nxc5 Qxc5 20. e5 Nd5 21. Be4 Rd8 22. h4 Nge7 23. Rd1 b5 24. Qe3 Bb7 25. Qf3 Nf5 26. Bxf5 exf5 27. Bb2 Qc6 28. Rg1 dxe5 29. fxe5 Qh6 0-1

[Event "FIN-ch U18"]
[Site "Finland"]
[Date "1997.??.??"]
[Round "4"]
[White "Simola, Tuomas"]
[Black "Lehtinen, Heikki"]
[Result "1-0"]
[WhiteElo "2085"]
[BlackElo "2205"]
[PlyCount "123"]
[EventDate "1997.??.??"]
[EventType "swiss"]
[EventRounds "7"]
[EventCountry "FIN"]
[SourceTitle "EXT 1999"]
[Source "ChessBase"]
[SourceDate "1998.11.16"]
[SourceVersion "1"]
[SourceVersionDate "1998.11.16"]
[SourceQuality "1"]

1. e4 c5 2. Nf3 d6 3. d4 cxd4 4. Nxd4 Nf6 5. Nc3 g6 6. Be3 Bg7 7. f3 0-0 8. Qd2 Nc6 9. 0-0-0 Nxd4 10. Bxd4 Be6 11. Kb1 Qc7 12. h4 Rfc8 13. g4 Qa5 14. Qg5 Qxg5 15. hxg5 Nd7 16. Bxg7 Kxg7 17. Rh4 Rf8 18. Be2 f6 19. Rdh1 Bg8 20. gxf6+ Kxf6 21. Nd5+ Bxd5 22. exd5 Nb6 23. c4 Rac8 24. b3 Kg5 25. Rxh7 Rce8 26. Rg7 Nd7 27. Rhh7 Nf6 28. Rh2 Rg8 29. Rxg8 Rxg8 30. Kc2 Kf4 31. Kd2 a6 32. Ke1 Ke3 33. Bd1 Rg7 34. Re2+ Kf4 35. Kf2 b5 36. Re6 Rh7 37. Kg2 Rg7 38. Be2 b4 39. Bd3 a5 40. Bc2 Nd7 41. Rxg6 Rxg6 42. Bxg6 Nb6 43. Be8 Na8 44. Kh3 Nc7 45. Bd7 Kg5 46. Kg3 Na6 47. f4+ Kf6 48. g5+ Kg7 49. Bf5 Nc5 50. Bc2 Nd7 51. Kg4 Kf7 52. Kh5 Kg7 53. Kh4 Kf7 54. Kg4 Kg7 55. Kf5 Nf8 56. Bd1 Kg8 57. Bh5 Kg7 58. Be8 Kh7 59. Ke4 Kg7 60. Kd4 Kg8 61. c5 e5+ 62. fxe5 1-0